000 00409 a2200157 4500
020 _a9788176755368
082 _aH301
_bKAB/S
100 _aKabeer Sanjay
_9110676
245 _aSurkhaab ke pankh/
_cby Kabeer Sanjay
260 _bAdhar Prakasan,
_aHariyana:
_c2016.
300 _a152p.
650 _aStories Hindi
_9110677
650 _aLiterature Hindi
_9110678
650 _aLiterature
_9110679
942 _cBK
999 _c61036
_d61036